000 00960nam a2200253Ia 4500
003 OSt
005 20220923223301.0
006 a|||||r|||| 00| 0
007 ta
008 220922b |||||||| |||| 00| 0 hin d
024 _a212,789
037 _cTextual
040 _aARTS
_cARTS
_bhin
041 _2hin
_ahin
082 _aO152,3N256:g, L7
100 _aकालिया, रवीन्द्र, संपा.
245 0 _aअमरकांत के कृतित्व एंव व्यक्तित्व की पड़ताल
246 _aAmarakāanta ke kṛutitva eanva vyaktitva kī paड़tāla
260 _aइलाहाबाद
_b प्रेस प्रका0
_c1977
300 _a352पृ.
_ccm.
650 _aहिन्दी साहित्य
_9156264
942 _hO152,3N256:g, L7
_cTEXL
_2CC
999 _c363063
_d363063